| 000 | 01028nam a22002417a 4500 | ||
|---|---|---|---|
| 999 |
_c63786 _d63786 |
||
| 005 | 20240530110658.0 | ||
| 008 | 171225s2015 ua a g b 000 0dara d | ||
| 017 |
_a2014/17821 _bمصر. دار الكتب |
||
| 020 | _a9789777188456 | ||
| 040 |
_aEG-CaGPL _cEG-CaGPL |
||
| 082 | 0 | 4 |
_221 _a327.101\ _bب أ |
| 100 | 1 | _aبريستوويتز ، كلايد | |
| 245 | 1 | 0 |
_aامة مارقة : _bالاحادية الامريكية وفشل النوايا الحسنة / _cتأليف كلايد بريستوويتز ؛ ترجمة وتقديم فخرى لبيب . |
| 250 | _aط.1 | ||
| 260 |
_aالقاهرة : _bالمركز القومى للترجمة ، _c2015 . |
||
| 300 |
_a462 ص. ؛ _c24 سم. |
||
| 490 |
_aالمركز القومى للترجمة ؛ _v2053 |
||
| 650 | _2qrmak | ||
| 651 | 0 | 7 |
_2qrmak _aالولايات المتحدة الامريكية _xالعلاقات الخارجية |
| 700 | 0 |
_aفخرى لبيب _eمترجم ومقدم |
|
| 942 |
_2ddc _cBK |
||